Cartas a Martín Zapater

Uloženo v:
Podrobná bibliografie
Hlavní autor: Goya, Francisco de (Autor)
Médium: Kniha
Jazyk:španělština
Vydáno: Madrid Istmo 2003
Vydání:1a. ed
Edice:Colección Fundamentos, 209
Témata:
Tagy: Přidat tag
Žádné tagy, Buďte první, kdo vytvoří štítek k tomuto záznamu!

MARC

LEADER 00000cam a2200000 a 4500
001 UCE5289
003 CL-VaPUC
008 141218e20030000sp |||||||||||||||||spa|d
020 |a 8470903993 
082 0 4 |a 759.46  |b GOY  |2 21 
100 0 |a Goya, Francisco de  |e author  |9 360289 
245 1 0 |a Cartas a Martín Zapater 
250 |a 1a. ed 
300 |a 383 p 
942 |c BK 
945 |d 20141218 14:43:00  |a arojas 
260 |a Madrid  |b Istmo  |c 2003 
600 0 7 |a GOYA, FRANCISCO DE  |2 CL-VaPUC  |9 360289 
650 0 |a Artistas españoles  |9 349534 
650 0 |a Conversaciones  |9 314515 
650 0 |a Correspondencia  |9 258963 
583 |a last modification  |c 20141218 14:43:00  |k Rodrigo Vera 
490 0 |a Colección Fundamentos, 209 
999 |c 358042  |d 358040 
952 |0 0  |1 0  |3 erb  |4 0  |6 759_460000000000000_GOY_2003  |7 0  |8 R  |9 466285  |a BIBART  |b BIBART  |i 5130395  |l 5  |o 759.46 GOY 2003  |p 5130395  |r 2025-03-13  |s 2021-10-26  |w 2019-11-23  |y BK_R  |z Catalogado en:20141218  |k ART